000 00662nam a22002057a 4500
999 _c179984
_d179984
005 20210720115652.0
010 _aB-740629
020 _a9780316486545
_c1049.00
035 _aB-740629
037 _bGift
082 _a658.4092
100 _aChambers, John
245 _aConnecting the dots:
_blessons for leadership in a startup world /
_cby John Chambers
260 _aNew York
_bHachette Books
_c2018
270 _a1290 Avenue of the Americas
_bNew York
300 _axiii, 306p.
_c23cm(Hb)
500 _aincludes index
942 _2ddc
_cEN
_mCHA
_h658.4092